|
|
|
|
| LEADER |
00937nam a22002417a 4500 |
| 001 |
40067 |
| 003 |
BD-DhAAL |
| 008 |
221116t2017 bg ||||| b||| 00| 0 eng d |
| 999 |
|
|
|c 45052
|d 45052
|
| 040 |
|
|
|a BD-DhAAL
|c BD-DhAAL
|
| 082 |
|
|
|a 340
|2 23
|
| 100 |
|
|
|a Sinha, Surendra Kumar
|9 52360
|
| 245 |
|
|
|a A broken dram :
|b status of rule of law, human rights and democracy /
|c Surendra Kumar Sinha.
|
| 260 |
|
|
|a Dhaka :
|b Lalitmohan-Dhanabati Memorial Foundation,
|c 2017.
|
| 300 |
|
|
|a 629 pages ;
|c 24 cm.
|
| 504 |
|
|
|a Includes bibliographical references.
|
| 541 |
|
|
|a Donated By Akbar Ali Khan
|e 40067
|
| 650 |
|
|
|a Law.
|9 52361
|
| 650 |
|
|
|a Democracy.
|9 52362
|
| 650 |
|
|
|a Human rights.
|9 52363
|
| 852 |
|
|
|a Ayesha Abed Library
|c Akbar Ali Khan Collection
|
| 942 |
|
|
|2 ddc
|c BK
|
| 952 |
|
|
|0 0
|1 0
|2 ddc
|4 0
|6 340_000000000000000_SIN
|7 1
|9 72345
|a BRACUL
|b BRACUL
|c AAKC
|d 2022-11-16
|e Donated by Akbar Ali Khan
|l 0
|o 340 SIN
|p 3010040067
|r 2022-11-16
|t 1
|w 2022-11-16
|y BK
|